| 000 | 01631nam a2200409 c 4500 | ||
|---|---|---|---|
| 999 |
_c50342 _d50342 |
||
| 001 | 50342 | ||
| 003 | ES-MaCES | ||
| 005 | 20240731040004.0 | ||
| 008 | 171214s2017 sp f o000 | spa d | ||
| 017 |
_aM 22345-2017 _bDL |
||
| 020 | _a9788447608935 (MINHAFP) | ||
| 020 | _a9788480083935 (IEF) | ||
| 024 | 7 |
_a169-17-142-7 (MINHAFP) _2nipo |
|
| 024 | 7 |
_a173-17-015-X (IEF) _2nipo |
|
| 040 |
_aES-MaCES _bspa _cES-MaCES |
||
| 245 | 0 | 0 |
_aManual de contabilidad pública _b: Plan General de Contabilidad Pública 2010 _ccoordinación, María del Mar Fernández Rodríguez ; autores, Victoriana Andrés Miguélez ... [et al.] |
| 250 | _a2ª ed. act | ||
| 260 |
_aMadrid _bInstituto de Estudios Fiscales _bMinisterio de Hacienda y Función Pública, Subdirección General de Información, Documentación y Publicaciones _c[2017] |
||
| 300 |
_a641 _c25 cm |
||
| 490 | 1 | _aManuales de la Escuela de la Hacienda Pública | |
| 541 | _cCompra | ||
| 650 | 4 |
_acontabilidad pública _928074 |
|
| 650 | 4 |
_928077 _ahacienda pública |
|
| 650 | 4 |
_928073 _apresupuesto nacional |
|
| 650 | 4 |
_926964 _aEspaña |
|
| 650 | 4 |
_927088 _acontabilidad nacional |
|
| 650 | 4 |
_931233 _a2010 |
|
| 650 | 4 |
_929264 _amanual |
|
| 653 | 1 | 0 | _aHacienda Pública |
| 700 | 1 |
_aFernández Rodríguez, María del Mar _938798 _ecoord. |
|
| 700 | 1 |
_aAndrés Miguélez, Victoriana _938799 |
|
| 710 | 2 |
_aInstituto de Estudios Fiscales (Madrid) _eed. _94158 |
|
| 710 | 1 |
_aEspaña _bMinisterio de Hacienda y Función Pública _eed. _938369 |
|
| 830 | 0 |
_932356 _aManuales de la Escuela de la Hacienda Pública |
|
| 902 | _aLIB Libro | ||
| 942 |
_2CES _cBK _h0.1. |
||